LEADER 05006nam0 22005653i 450 001 BVEE015287 005 20170908093201.0 012 $aa-i. i.to o.da maMe (7) 1593 (R)$2fei$9Vol. 2 012 $atoo, lee- i-in esro (3) 1592 (R)$2fei$9Vol. 1 100 $a20130624g15921593||||0itac50 ba 101 | $aita 102 $ait 181 1$6z01$ai $bxxxe 182 1$6z01$an 200 1 $aTutte l'opere d'arithmetica del famosissimo Nicolò Tartaglia. Nelle quali in 17. libri con varie proue, & ragioni, mostrasi ogni prattica naturale, & artificiale; i modi, & le regole da gli antichi, & moderni vsate nell'arte mercantile; & oue interuiene calcolo, pesi, denari, tariffe, calmeri, baratti, cambi di banchieri, e di fiere, saldi, sconti, giuochi, traffico di compagnie, compre, vendite, portar mercantie da un paese all'altro, conuertir monete, congiungimento di metalli, & opere de' zecchieri. ... Parte prima \-seconda! 210 $aIn Venetia$call'insegna del Leone [eredi di Curzio Navò]$d1592-1593 215 $a2 v. ([4], 199, [1]; [4], 273 [i.e. 284] c.)$c1 ritr.$d4º 300 $aA cura di Girolamo Giovannini da Capugnano, il cui nome appare nella dedica 300 $aMarca (V384) sui front 300 $aCors. ; rom 300 $aSegn.: ✝⁴A-2B⁸; a⁴A-2M⁸2N⁴ 300 $aBianche la c. 2B8 del vol. I e la c. a4 del vol. II 300 $aIniziali e fregi xil. 316 $av. 1 (Legato con il v. 2. - Nel piatto anteriore, ex-libris della Biblioteca Provinciale e Fondo Provincia. - Sul front., timbro Biblioteca Provinciale)$5IT-NA0079, BIB. PROV.9. 530 316 $av. 2 (Legato con il v. 1. - Nel piatto anteriore, ex-libris della Biblioteca Provinciale e Fondo Provincia)$5IT-NA0079, BIB. PROV.9. 530 317 $aProvenienza: *Biblioteca Provinciale . Ex-libris e timbro$5IT-NA0079 BIB. PROV. 9. 530/(0001 317 $aProvenienza: *Biblioteca Provinciale . Ex-libris$5IT-NA0079 BIB. PROV. 9. 530/(0002 700 1$aTartaglia$b, Niccolò$f <1499?-1557>$3MILV110199$4070$0348746 702 1$aGiovannini$b, Girolamo$f $3RMLV021887 712 02$aNavò, Curzio Troiano eredi$3BVEV019489$4650 712 02$aBiblioteca Provinciale$c $3NAPP000540$4320$5IT-NA0079 BIB. PROV. 9. 530/(0001 712 02$aBiblioteca Provinciale$c $3NAPP000540$4320$5IT-NA0079 BIB. PROV. 9. 530/(0002 790 1$aTartaglia$b, Nicola$3CFIV155460$zTartaglia, Niccolò <1499?-1557> 790 1$aTartaglia$b, Nicolò$3PALV044484$zTartaglia, Niccolò <1499?-1557> 790 1$aCapugnano$b, Girolamo : da$3BVEV134000$zGiovannini, Girolamo 790 1$aJoanninus$b, Hieronymus$3CFIV280061$zGiovannini, Girolamo 790 1$aGioannini$b, Gerolamo$3LIGV014498$zGiovannini, Girolamo 790 1$aGioannini$b, Girolamo$3PARV402037$zGiovannini, Girolamo 790 0$aGiovannino : da Capugnano$3RAVV219481$zGiovannini, Girolamo 790 0$aGirolamo : da Capugnano$3RMLV033370$zGiovannini, Girolamo 790 1$aGiovannini$b, Giovannino Geronimo$3VEAV052106$zGiovannini, Girolamo 791 02$a˜Al segno del œLeone$3BVEV020150$zNavò, Curzio Troiano eredi 801 3$aIT$bIT-NA0079$c20130624 850 $aIT-NA0079 912 $aBVEE015287 921 $aBVEM000243$bLeone rampante che tiene negli artigli un nastro col motto: Simile ad sibi simile.$cV384$dSui front. 950 0$aBiblioteca Nazionale Vittorio Emanuele III$bv. 1-2$cv. 1-2$d BNBIB. PROV.9. 530$e BN 0006426445 B (0001 v. 1 (Legato con il v. 2. - Nel piatto anteriore, ex-libris della Biblioteca Provinciale e Fondo Provincia. - Sul front., timbro Biblioteca Provinciale)$fC $h19240102$i19240102$lLegato con il v. 2$mCaratteristiche materiali$lNel piatto anteriore, ex-libris della Biblioteca Provinciale e Fondo Provincia$mEx libris$lSul front., timbro Biblioteca Provinciale$mTimbri di enti laici e persone$bv. 1-2$cv. 1-2$d BNBIB. PROV.9. 530$e BN 0006426455 B (0002 v. 2 (Legato con il v. 1. - Nel piatto anteriore, ex-libris della Biblioteca Provinciale e Fondo Provincia)$fC $h19240102$i19240102$lLegato con il v. 1$mCaratteristiche materiali$lNel piatto anteriore, ex-libris della Biblioteca Provinciale e Fondo Provincia$mEx libris 977 $a BN 996 $aTutte l'opere d'arithmetica del famosissimo Nicolò Tartaglia. Nelle quali in 17. libri con varie proue, & ragioni, mostrasi ogni prattica naturale, & artificiale; i modi, & le regole da gli antichi, & moderni vsate nell'arte mercantile; & oue interuiene calcolo, pesi, denari, tariffe, calmeri, baratti, cambi di banchieri, e di fiere, saldi, sconti, giuochi, traffico di compagnie, compre, vendite, portar mercantie da un paese all'altro, conuertir monete, congiungimento di metalli, & opere de' zecchieri. ... Parte prima \-seconda$91479784 997 $aUNISANNIO LEADER 00854cam0 2200253 450 001 E600200016687 005 20210211103519.0 010 $a0198219253 100 $a20060309d2002 |||||ita|0103 ba 101 $aeng 102 $aGB 200 1 $a<>italian crusades$ethe Papal-Angevin alliance and the crusades against Christian lay powers, 1254-1343 210 $aOxford$cClarendon Press$d2002 215 $aXI, 293 p.$cill.$d23 cm 700 1$aHousley$b, Norman$3A600200035052$4070$0676225 801 0$aIT$bUNISOB$c20210211$gRICA 850 $aUNISOB 852 $aUNISOB$j900$m128942 912 $aE600200016687 940 $aM 102 Monografia moderna SBN 941 $aM 957 $a900$b004443$gSi$d128942$racquisto$1pomicino$2UNISOB$3UNISOB$420060309104535.0$520210211103519.0$6rovito 996 $aItalian crusades$91690231 997 $aUNISOB LEADER 05148nam 2200601Ia 450 001 9910956504203321 005 20250913221321.0 010 $a1-282-38197-0 010 $a9786612381973 010 $a1-4377-7834-8 035 $a(CKB)2550000000003322 035 $a(EBL)535292 035 $a(OCoLC)635293731 035 $a(SSID)ssj0000414666 035 $a(PQKBManifestationID)11269645 035 $a(PQKBTitleCode)TC0000414666 035 $a(PQKBWorkID)10396852 035 $a(PQKB)11346193 035 $a(MiAaPQ)EBC535292 035 $a(ODN)ODN0000356459 035 $a(EXLCZ)992550000000003322 100 $a20090720d2009 uy 0 101 0 $aeng 135 $aur|n|---||||| 181 $ctxt 182 $cc 183 $acr 200 10$aConfiguration management metrics $eproduct lifecycle and engineering documentation control measurements /$fFrank B. Watts 210 $aOxford ;$aBurlington, MA $cElsevier/William Andrew$d2009 215 $a1 online resource (279 p.) 300 $aIncludes index. 311 08$a0-08-096445-1 327 $aFront Cover; Configuration ManagementMetrics; Copyright; Contents; Acknowledgements; Preface; List of Figures; List of Tables; Chapter 1Introduction; What is CM?; Setting the stage for innovation; Bridge the gap; CM Processes; Why is measurement important?; Importance/urgency of metrics; CM process ladder; Process quality; Chapter 2Metrics and process requirements; Timeliness of reporting; The first step to improvement; Not enough data/too much data; Metric formats; Thru-put time; Frequency of reporting; Policy and procedure requirements; Work in process (WIP) and thru-put time 327 $aGetting management's attentionManagement champion; Training metrics; Setting goals; Tooting your horn; Facts database; Benchmarking; Benchmarking survey - general; Chapter 3New item release; Release standards, definitions and rules; New product time to market; Release process flow diagram; Release activity data; Release activity summary; Release - sorting out what's important; Development process case study; Release in lead time; Release time benchmarks; Support and manufacturing process documents; Other engineering release metrics; Release process quality; Release phase status 327 $aBenchmarking survey - release processChapter 4Order entry and fulfillment; Order entry process; Order fulfillment; Promise to deliver; Make to order; Design to order; Make to print; Make to stock; Order entry and fulfillment process quality; Chapter 5Bill of material (BOM) process; BOM process standards; Part number assignment; Item master file; Multiple BOMs; BOM reconciliation and correction; New product BOM status; BOM levels; Benchmarking survey - BOM process; Chapter 6Request process; Request process standards; Request flow diagram; Request action items list; Request process time metrics 327 $aRequest rejection is OKBenchmarking survey - request process; Chapter 7Ancillary processes; Deviations; Deviation standards; Deviation to make a fast change; Service parts; Publications; Failure reporting; Chapter 8Change cost; Benchmarking survey - change cost; Cost standards; Average cost of a change; Payback; Market demand; Cost metric and application; Real cost reductions; Other possible cost metrics; Bottom line; Chapter 9Change process; Change standards; Interchangeability; Change class; Change control process flow; Engineering phase; Technical release/point of no return 327 $aConfiguration Management phaseManufacturing phase; Change process summary; Case study; Engineering phase metrics; Point of no return metrics; CM phase metrics; Manufacturing phase metrics; Total change process time; Change process quality; Benchmarking survey - change process; Chapter 10Field change metrics; Field change standards; Field change process flow; Field change order metrics; Field installation performance; Field change volume; Benchmarking survey - field changes; Chapter 11Definitions; Data dictionary; Acronyms and terms; Summary; Index 330 $a Configuration Management (CM) has become a key strategy for successful manufacturing companies. Controlling the design documentation throughout its lifecycle and knowing what is in the product is imperative for quickly moving a new product to the marketplace, identifying and making necessary changes as fast as possible. CM is similarly important to efficient, high quality and low cost supply chain and production processes. It is also critical to maintenance, repair, retrofit, service parts provisioning as well as the elephant in the room - liability protection. Fast, accurate, efficient, do 606 $aConfiguration management 606 $aProduction management 615 0$aConfiguration management. 615 0$aProduction management. 676 $a658.5 676 $a670.285 686 $aBUS041000$aBUS087000$2bisacsh 700 $aWatts$b Frank B$0970079 801 0$bMiAaPQ 801 1$bMiAaPQ 801 2$bMiAaPQ 906 $aBOOK 912 $a9910956504203321 996 $aConfiguration management metrics$94432630 997 $aUNINA